00869 a2200205 45000010006000000050017000060080041000230030015000640400040000790800046001192450068001650200022002332500023002552640035002783000019003135050201003320410008005331000019005418560103005603376820260407155628.0260407a2015 arg spa dAR-UNSa-BCEJYS aAR-UNSa-BCEJYSbspacAR-UNSa-BCEJYS a37xEducación. Enseñanza. Formación10aVolver a enseñarppadres y maestros ante un desafío urgente a978-950-12-0246-5 a1a ed., 2a. reimp. 1aBuenos Aires :bPaidósc2015 a129 p.c23 cm. a1. Un orden nos cuidaba - 2. La crisis del orden - 3. ¿Todos iguales o todos distintos? - 4. Aprender y transgredir - 5. Un pacto de confianza en la escuela - 6. Del "porque sí" al "para qué" aspa1 aIaies, Gustavo41uhttps://biblioeco.unsa.edu.ar/pmb/images/libros/volver_enseniar.jpgyImagen de portadaqimage/jpeg